000 04349cam a22004095i 4500
001 21907934
003 CSPC
005 20241126111014.0
008 210217s2021 flu 000 0 eng
010 _a 2021933036
020 _a9780367746841
040 _aDLC
_beng
_erda
_cDLC
_dCSPC
042 _apcc
082 0 4 _a658.4062
_bUp13f
_223
100 1 _aUpadrista, Venkatesh,
_eauthor.
245 1 0 _aFormula 4.0 for digital transformation :
_ba framework using digital enablers from industry 4.0 /
_cVenkatesh Upadrista.
250 _aFirst edition.
263 _a2106
264 1 _aBoca Raton, Florida :
_bRoutledge,
_c2021.
300 _axxvii, 319 pages :
_billustrations ;
_c26 cm.
336 _atext
_btxt
_2rdacontent
337 _aunmediated
_bn
_2rdamedia
338 _avolume
_bnc
_2rdacarrier
504 _aIncludes bibliographical references and index.
505 0 _aIntroduction to formula 4.0 -- A generic industry perspective on digital transformation -- Business-driven digital transformation -- Identifying business process for digital transformation using systems thinking and design thinking -- Business strategy for digital transformation -- Business transformation model and intelligent business transformation model -- Foundation platform -- Creating a foundation platform with digital triplets (atomic, architecture, cloud infrastructure, and application programming interface) -- Cloud infrastructure -- SAP cloud migration -- Application programming interface (API) -- People, processes, and tools -- Human Resource management -- Importance of DevSecOps in a product-based organization -- Data analytics, automation, it-ot integration, and enterprise governance -- Big data and analytics -- Automation with RPA and AI-ML -- IT-OT integration -- Enterprise governance -- Bringing the pieces together -- The formula 4.0 methodology : bringing all capabilities together for digital transformation.
520 _a"A staggering 70% of digital transformations have failed as per McKinsey. The key reason why enterprises are failing in their digital transformation journey is because there is no standard framework existing in the industry that enterprises can use to transform themselves to digital. There are several books that speak about technologies such as Cloud, Artificial Intelligence and Data Analytics in silos, but none of these provides a holistic view on how enterprises can embark on a digital transformation journey and be successful using a combination of these technologies. FORMULA 4.0 is a methodology that provides a clear guidance for enterprises aspiring to transform their traditional operating model to digital. Enterprises can use this framework as a readymade guide and plan their digital transformation journey. This book is intended for all chief executives, software managers, and leaders who intend to successfully lead this digital transformation journey. An enterprise can achieve success in digital transformation only of it can: create an IT Platform that will enable them to adopt any new technology seamlessly into existing IT estate; deliver new products and services to the market in shorter durations; make business decisions with IT as an enabler and utilize automation in all its major business and IT processes. Achieving these goals is what defines a digital enterprise -- Formula 4.0 is a methodology for enterprises to achieve these goals and become digital. Essentially, there is no framework existing in the market that provides a step-by-step guide to enterprises on how to embark on their successful digital transformation journey. This book enables such transformations. Overall, the Formula 4.0 is an enterprise digital transformation framework that enables organizations to become truly digital"--
_cProvided by publisher.
650 4 _aDigital transformation.
650 4 _aIndustry 4.0.
650 4 _aTechnological innovations.
650 4 _aIndustrial management
_vTechnological innovations.
650 4 _aManufacturing processes
_vAutomation.
650 4 _aBusiness enterprises
_vTechnological innovations.
906 _a0
_bibc
_corignew
_d2
_eepcn
_f20
_gy-gencatlg
942 _2ddc
_cBK
_n0
_e23
_h658.4062
_iUp13f
_kCIR
_m2021
999 _c28409
_d28409